|
|
|
|
| LEADER |
01322nam a2200349Ia 4500 |
| 001 |
EBC232166 |
| 003 |
MiAaPQ |
| 005 |
20200520144314.0 |
| 006 |
m o d | |
| 007 |
cr cn||||||||| |
| 008 |
000815s2002 enk s 000 0 eng d |
| 020 |
|
|
|z 0861767616
|
| 035 |
|
|
|a (MiAaPQ)EBC232166
|
| 035 |
|
|
|a (Au-PeEL)EBL232166
|
| 035 |
|
|
|a (CaPaEBR)ebr10052625
|
| 035 |
|
|
|a (CaONFJC)MIL47957
|
| 035 |
|
|
|a (OCoLC)133165181
|
| 040 |
|
|
|a MiAaPQ
|c MiAaPQ
|d MiAaPQ
|
| 050 |
|
4 |
|a HD62.15
|b .M36 2002
|
| 245 |
0 |
0 |
|a Management history
|h [electronic resource] :
|b reflections on key thinkers in management /
|c guest editors Mitchell Langbert and Kenneth Aupperle.
|
| 260 |
|
|
|a Bradford, England :
|b Emerald Group Publishing,
|c c2002.
|
| 300 |
|
|
|a 123 p.
|
| 490 |
1 |
|
|a Management decision ;
|v v.40, no. 10
|
| 533 |
|
|
|a Electronic reproduction. Ann Arbor, MI : ProQuest, 2015. Available via World Wide Web. Access may be limited to ProQuest affiliated libraries.
|
| 650 |
|
0 |
|a Personnel management.
|
| 650 |
|
0 |
|a Total quality management.
|
| 655 |
|
4 |
|a Electronic books.
|
| 700 |
1 |
|
|a Aupperle, Kenneth.
|
| 700 |
1 |
|
|a Langbert, Mitchell.
|
| 710 |
2 |
|
|a ProQuest (Firm)
|
| 830 |
|
0 |
|a Management decision ;
|v v.40, no. 10.
|
| 856 |
4 |
0 |
|u https://ebookcentral.proquest.com/lib/matrademy/detail.action?docID=232166
|z Click to View
|